| 000 | 00000nam##2200000za#4500 |
| 001 | 9.603993 |
| 003 | CaOODSP |
| 005 | 20210624211342 |
| 007 | cr ||||||||||| |
| 008 | 150406|1991||||xxc|||||o f|0| 0 fre|d |
| 022 | |a1488-545X |
| 040 | |aCaOODSP|bfre |
| 043 | |an-cn--- |
| 086 | 1 |aFs97-6/1830F-PDF |
| 110 | 1 |aCanada.|bMinistère des pêches et des océans.|bDirection de la gestion de l'habitat du poisson. |
| 245 | 10|aModifications physiques de l'habitat du poisson en amont de Montréal et en aval de Trois-Pistoles de 1945 à 1988 et effets sur les pêches commerciales / |h[ressource électronique]|cpar H. Marquis ... [et al.]. |
| 260 | |aQuébec - Québec : |bPêches et Océans Canada. |cAoût 1991. |
| 300 | |a128p.|bgraphiques, carte, références, tableaux |
| 490 | 1 |aRapport technique canadien des sciences halieutiques et aquatiques|x1488-545X|vN° 1830 |
| 500 | |aLe n° de catalogue (Fs97-6/1830F) et l'ISSN (0706-6570) de l'édition imprimée ont été incorrectement copiés dans l'édition électronique. |
| 546 | |a(Abstract in English) |
| 590 | |a12-23-Supp|b2012-05-28 |
| 720 | 1 |aMarquis, H. |
| 776 | 0#|tModifications physiques de l'habitat du poisson en amont de Montréal et en aval de Trois-Pistoles de 1945 à 1988, et effets sur les pêches commerciales / |w(CaOODSP)9.621323 |
| 830 | #0|aRapport technique canadien des sciences halieutiques et aquatiques,|x1488-545X|vN° 1830|w(CaOODSP)9.500867 |
| 856 | 40|ahttp://publications.gc.ca|qPDF|s5.22 Mo|uhttps://publications.gc.ca/collections/collection_2012/mpo-dfo/Fs97-6-1830-fra.pdf|yN° 1830 |